000 00246 a2200085 4500
999 _c215162
_d215162
020 _a3406384471
100 _aJarass, Hans. D
245 _aGrundgesetz Fur Die Bundersrepublik Deutschland
260 _bC.H Beck'sche Verlagsbuchhandlung : Munchin
_c1995